[Event "HZ Chess Tournament 2024"]
[Site "Vlissingen, Netherlands"]
[Date "2024.08.04"]
[Round "3.1"]
[White "L'Ami, Erwin"]
[Black "Syrov, Arkadi"]
[Result "1-0"]
[WhiteElo "2629"]
[BlackElo "2263"]
[PlyCount "67"]

1. d4 Nf6 2. Nf3 d5 3. Bf4 c5 4. e3 Nc6 5. c3 Qb6 6. Qb3 c4 7. Qc2 Bf5 8. Qc1
Nh5 9. Be5 f6 10. Bg3 g5 11. Be2 Qd8 12. Nfd2 Nxg3 13. hxg3 Kf7 14. e4 dxe4 15.
Nxc4 e6 16. Bh5+ Kg7 17. Qe3 b5 18. g4 bxc4 19. gxf5 exf5 20. Nd2 Ne7 21. Nxc4
Nd5 22. Qh3 Qc8 23. Ne3 g4 24. Qh4 Nxe3 25. fxe3 Rb8 26. O-O Rxb2 27. Bxg4 Qxc3
28. Rae1 Bb4 29. Bxf5 Qc6 30. Rc1 Qd6 31. Bxe4 Bd2 32. Rc7+ Qxc7 33. Qxf6+ Kg8
34. Qf8# 1-0

[Event "HZ Chess Tournament 2024"]
[Site "Vlissingen, Netherlands"]
[Date "2024.08.04"]
[Round "3.2"]
[White "Rappazzo, Johannes"]
[Black "Ter-Sahakyan, Samvel"]
[Result "0-1"]
[WhiteElo "2278"]
[BlackElo "2609"]
[PlyCount "36"]

1. e4 c5 2. Nf3 d6 3. d4 cxd4 4. Nxd4 Nf6 5. Nc3 a6 6. Nb3 e6 7. g4 b5 8. Bg2
Bb7 9. g5 Nfd7 10. f4 b4 11. Ne2 h6 12. f5 exf5 13. g6 fxg6 14. O-O Ne5 15. Nf4
Be7 16. Qe2 Bf6 17. Nxg6 Nxg6 18. exf5+ Ne5 0-1

[Event "HZ Chess Tournament 2024"]
[Site "Vlissingen, Netherlands"]
[Date "2024.08.04"]
[Round "3.3"]
[White "Bharath Subramaniyam H"]
[Black "Karacsonyi, Kata"]
[Result "1-0"]
[WhiteElo "2566"]
[BlackElo "2184"]
[PlyCount "59"]

1. e4 c5 2. Nf3 d6 3. d4 cxd4 4. Qxd4 a6 5. c4 Nc6 6. Qd2 Nf6 7. Nc3 g6 8. b3
Bg7 9. Bb2 O-O 10. h3 Qa5 11. Bd3 Nd7 12. O-O Rb8 13. a3 Nde5 14. Nxe5 Nxe5 15.
Be2 Nc6 16. b4 Qe5 17. Rfe1 f5 18. Na4 Qxe4 19. Bf3 Qh4 20. g3 Qh6 21. Bd5+ e6
22. Rxe6 Qxd2 23. Rxg6+ Qxd5 24. Rxg7+ Kh8 25. cxd5 Ne5 26. Re7 Kg8 27. Nb6 f4
28. g4 h5 29. Bxe5 dxe5 30. d6 1-0

[Event "HZ Chess Tournament 2024"]
[Site "Vlissingen, Netherlands"]
[Date "2024.08.04"]
[Round "3.4"]
[White "Van Baar, Esper"]
[Black "Pavlidis, Antonios"]
[Result "0-1"]
[WhiteElo "2179"]
[BlackElo "2566"]
[PlyCount "66"]

1. e4 c5 2. Nf3 e6 3. d4 cxd4 4. Nxd4 Nc6 5. Nc3 Qc7 6. Be2 a6 7. Nxc6 dxc6 8.
O-O b5 9. Be3 Nf6 10. f4 b4 11. e5 bxc3 12. exf6 cxb2 13. Rb1 gxf6 14. Rxb2 Rb8
15. Qa1 Rxb2 16. Qxb2 e5 17. fxe5 Qxe5 18. Qb6 Bd6 19. g3 O-O 20. Bd3 Bh3 21.
Re1 Qd5 22. Bf1 Bxf1 23. Rxf1 Re8 24. Bf2 c5 25. Qxa6 c4 26. Qb6 Be5 27. Qc5
Qe4 28. Re1 Qxc2 29. Qc6 Rd8 30. Re4 c3 31. Rg4+ Kh8 32. Qb6 Rb8 33. Qe3 Qd1+
0-1

[Event "HZ Chess Tournament 2024"]
[Site "Vlissingen, Netherlands"]
[Date "2024.08.04"]
[Round "3.5"]
[White "Ferreira, Jorge Viterbo"]
[Black "Goossens, Hanne"]
[Result "1/2-1/2"]
[WhiteElo "2523"]
[BlackElo "2172"]
[PlyCount "106"]

1. e4 e5 2. Nf3 Nc6 3. Bb5 a6 4. Ba4 Nf6 5. d3 d6 6. c3 g6 7. O-O Bg7 8. Re1
O-O 9. Nbd2 Nh5 10. Nf1 Qe8 11. Ng3 Nxg3 12. hxg3 b5 13. Bc2 Bg4 14. Qd2 Qd7
15. a4 b4 16. a5 Qe7 17. Bb3 Be6 18. Bd5 Bxd5 19. exd5 Na7 20. c4 c6 21. Qxb4
Rab8 22. Qa3 cxd5 23. Be3 Nc6 24. Bb6 Qe6 25. Rac1 dxc4 26. dxc4 d5 27. cxd5
Qxd5 28. Red1 Nd4 29. Nxd4 exd4 30. Qd3 Ra8 31. b4 Rfe8 32. Re1 Rxe1+ 33. Rxe1
Qd6 34. Qf3 Rb8 35. Bc5 Qf6 36. Qd3 Bf8 37. Bxd4 Qd6 38. Qe3 Rxb4 39. Ba1 Rc4
40. Qe2 Rc6 41. Qb2 f6 42. Qb3+ Kg7 43. Rd1 Qc7 44. g4 h6 45. Bb2 Bc5 46. Ba3
Bxa3 47. Qxa3 Rc5 48. Qa4 Rc1 49. Rxc1 Qxc1+ 50. Kh2 Qd2 51. Qe4 Qxf2 52. Qe7+
Kg8 53. Qe8+ Kg7 1/2-1/2

[Event "HZ Chess Tournament 2024"]
[Site "Vlissingen, Netherlands"]
[Date "2024.08.04"]
[Round "3.6"]
[White "Honkoop, Gilian"]
[Black "Fernandez, Daniel Howard"]
[Result "1/2-1/2"]
[WhiteElo "2183"]
[BlackElo "2519"]
[PlyCount "83"]

1. d4 e6 2. Nf3 Nf6 3. c4 Bb4+ 4. Bd2 c5 5. Bxb4 cxb4 6. Nbd2 O-O 7. e3 d6 8.
Be2 b6 9. O-O a5 10. a3 bxa3 11. bxa3 Qc7 12. Qb3 Nbd7 13. Rfc1 g6 14. Nb1 Bb7
15. Nfd2 e5 16. Nc3 Rac8 17. Rab1 Rfe8 18. Nb5 Qb8 19. Bf3 Ba6 20. Nc3 Kg7 21.
Nd5 Nxd5 22. Bxd5 Bb7 23. Qb5 Bxd5 24. cxd5 Nf6 25. Rxc8 Qxc8 26. Nc4 Ne4 27.
Nxb6 Qc2 28. Qb2 Qxb2 29. Rxb2 exd4 30. exd4 Rb8 31. f3 Nc3 32. Nc4 Rxb2 33.
Nxb2 Nxd5 34. Nc4 Nc3 35. Nxa5 Nb5 36. Nb7 Nxa3 37. Nxd6 Kf6 38. Ne4+ Ke7 39.
d5 Nc4 40. Kf2 f5 41. Nc3 Kd6 42. h4 1/2-1/2

[Event "HZ Chess Tournament 2024"]
[Site "Vlissingen, Netherlands"]
[Date "2024.08.04"]
[Round "3.7"]
[White "Hausrath, Daniel"]
[Black "Frayna, Janelle Mae"]
[Result "1-0"]
[WhiteElo "2469"]
[BlackElo "2162"]
[PlyCount "57"]

1. Nf3 d5 2. b3 Nf6 3. Bb2 e6 4. c4 Be7 5. g3 O-O 6. Bg2 c5 7. e3 Nc6 8. O-O d4
9. exd4 cxd4 10. Re1 Re8 11. d3 Bb4 12. Nbd2 a5 13. a3 Bc5 14. Ne5 Nxe5 15.
Rxe5 Nd7 16. Re2 e5 17. Qe1 Rf8 18. Rb1 f6 19. Nf3 Ba7 20. b4 Nb6 21. Qd1 axb4
22. axb4 Bb8 23. c5 Na4 24. Ra1 Bd7 25. b5 Qa5 26. Nh4 Qxb5 27. Bd5+ Kh8 28.
Ng6+ hxg6 29. Re4 1-0

[Event "HZ Chess Tournament 2024"]
[Site "Vlissingen, Netherlands"]
[Date "2024.08.04"]
[Round "3.8"]
[White "Kumar, Prajit Sai"]
[Black "Ikonnikov, Vyacheslav"]
[Result "0-1"]
[WhiteElo "2185"]
[BlackElo "2447"]
[PlyCount "74"]

1. e4 c5 2. Nf3 Nc6 3. d4 cxd4 4. Nxd4 e5 5. Nb5 d6 6. N1c3 a6 7. Na3 Be6 8.
Nc4 Rb8 9. Nd5 Bxd5 10. exd5 Nce7 11. a4 Nf6 12. g4 Qc7 13. Ne3 g6 14. h4 h5
15. Be2 hxg4 16. Bxg4 Nxg4 17. Qxg4 Bh6 18. Qf3 f5 19. c3 Bxe3 20. Bxe3 f4 21.
Bd2 Qc4 22. O-O-O b5 23. axb5 Rxb5 24. Kb1 O-O 25. Bc1 Nxd5 26. Rh3 Rc8 27. Qg2
Kf7 28. Rg1 Rg8 29. Qf3 Nf6 30. Re1 Rc8 31. h5 g5 32. Qd1 Qe6 33. Rd3 Qf5 34.
Qc2 Nd5 35. Red1 Rxc3 36. Qe2 Nb4 37. bxc3 Nxd3+ 0-1

[Event "HZ Chess Tournament 2024"]
[Site "Vlissingen, Netherlands"]
[Date "2024.08.04"]
[Round "3.9"]
[White "Provoost, Simon"]
[Black "Beukema, Stefan"]
[Result "1/2-1/2"]
[WhiteElo "2198"]
[BlackElo "2435"]
[PlyCount "83"]

1. d4 f5 2. Bf4 Nf6 3. Nf3 g6 4. e3 Bg7 5. Be2 O-O 6. O-O d6 7. h3 Qe8 8. Bh2
h6 9. c4 g5 10. Nc3 g4 11. hxg4 Nxg4 12. Bg3 e5 13. c5 f4 14. exf4 exf4 15. Bh4
Nc6 16. Nb5 Qh5 17. cxd6 cxd6 18. Nxd6 Nxd4 19. Nxc8 Nxe2+ 20. Qxe2 Raxc8 21.
Rac1 Rce8 22. Qd1 Kh8 23. b3 Rg8 24. Rc4 Ref8 25. Re1 Qg6 26. Qc2 Qxc2 27. Rxc2
Rc8 28. Rec1 Rxc2 29. Rxc2 Re8 30. Kf1 Ne5 31. Re2 Kh7 32. Nxe5 Rxe5 33. Rxe5
Bxe5 34. Ke2 Kg6 35. f3 Kf5 36. Kd3 b5 37. Bf2 a6 38. a4 h5 39. axb5 axb5 40.
Bd4 Bd6 41. Kc3 Ke6 42. Kd3 1/2-1/2

[Event "HZ Chess Tournament 2024"]
[Site "Vlissingen, Netherlands"]
[Date "2024.08.04"]
[Round "3.10"]
[White "De Winter, Arthur"]
[Black "Vantorre, Nils"]
[Result "1-0"]
[WhiteElo "2411"]
[BlackElo "2153"]
[PlyCount "83"]

1. e4 c5 2. Nf3 d6 3. d4 cxd4 4. Nxd4 Nf6 5. Nc3 a6 6. Be3 Ng4 7. Bc1 Nf6 8.
Bd3 e5 9. Nde2 Be7 10. O-O Nbd7 11. Ng3 g6 12. Bh6 b5 13. a4 b4 14. Na2 Rb8 15.
Qe1 b3 16. cxb3 Ng4 17. Bd2 Nc5 18. Bc4 Nxb3 19. Bxb3 Rxb3 20. Nb4 Bg5 21. Nc6
Bxd2 22. Qxd2 Qd7 23. Na5 Rb6 24. h3 Nf6 25. Qh6 Qd8 26. Rac1 Bd7 27. Nc4 Rc6
28. Rfd1 Qe7 29. b4 Qe6 30. Nf5 gxf5 31. exf5 Qxf5 32. Nxd6+ Rxd6 33. Rxd6 Ne4
34. Rxa6 Qxf2+ 35. Kh1 Ke7 36. Rd1 Rg8 37. Rxd7+ Kxd7 38. Qc6+ Ke7 39. Qb7+ Kf8
40. Ra8+ Kg7 41. Rxg8+ Kxg8 42. Qxe4 1-0

[Event "HZ Chess Tournament 2024"]
[Site "Vlissingen, Netherlands"]
[Date "2024.08.04"]
[Round "3.11"]
[White "Van Rootselaar, Rik"]
[Black "Arfan, Aditya Bagus"]
[Result "1/2-1/2"]
[WhiteElo "2152"]
[BlackElo "2405"]
[PlyCount "113"]

1. d4 c6 2. c4 d5 3. cxd5 cxd5 4. Bg5 Qb6 5. Nc3 e6 6. Qd2 Bd7 7. e3 Bd6 8. Bd3
Ne7 9. Nf3 Nbc6 10. Bh4 f6 11. O-O g5 12. Bg3 Bxg3 13. hxg3 g4 14. Ne1 f5 15.
Na4 Qc7 16. Nc5 h5 17. Rc1 a5 18. Bb5 Ng6 19. Ned3 h4 20. Nxd7 Kxd7 21. Nc5+
Ke7 22. Nxb7 hxg3 23. Bxc6 Kf6 24. Rfe1 Qh7 25. fxg3 Qh2+ 26. Kf1 Qxg3 27. Qf2
Qb8 28. b3 g3 29. Qf3 Nh4 30. Qf4 Qxf4+ 31. exf4 Ng6 32. Ke2 Rh2 33. Nc5 Rxg2+
34. Kd3 Rh8 35. Rxe6+ Kg7 36. Ke3 Rxa2 37. Bxd5 g2 38. Nd3 Rh3+ 39. Bf3 Rc2 40.
Rxg6+ Kxg6 41. Ne5+ Kf6 42. Rg1 Rb2 43. d5 Rxb3+ 44. Kf2 Rh4 45. Kg3 Rh8 46. d6
a4 47. Kf2 Rb2+ 48. Ke3 Rb3+ 49. Kd4 Rb4+ 50. Kd5 Rb2 51. Bxg2 Rd2+ 52. Kc5 Rg8
53. Ra1 Rdxg2 54. Rxa4 Rc2+ 55. Kd5 Rd2+ 56. Kc6 Rc8+ 57. Kd7 1/2-1/2

[Event "HZ Chess Tournament 2024"]
[Site "Vlissingen, Netherlands"]
[Date "2024.08.04"]
[Round "3.12"]
[White "Karacsonyi, Gellert"]
[Black "Van Doren, Bas"]
[Result "1-0"]
[WhiteElo "2395"]
[BlackElo "2129"]
[PlyCount "143"]

1. e4 c5 2. Nf3 e6 3. d4 cxd4 4. Nxd4 a6 5. c4 Nf6 6. Nc3 Qc7 7. a3 b6 8. f4
Bb7 9. Bd3 Nc6 10. Nxc6 Qxc6 11. Qe2 Bc5 12. Be3 Bxe3 13. Qxe3 O-O 14. O-O-O
Rac8 15. Kb1 Qc5 16. Qxc5 bxc5 17. Rd2 g6 18. Bc2 Rfd8 19. e5 Nh5 20. Rf1 f5
21. g3 Kf7 22. Rfd1 Rc7 23. Na4 Ke7 24. Rd6 h6 25. Nb6 Bc6 26. Ba4 Bxa4 27.
Nxa4 Ra8 28. R1d3 g5 29. fxg5 hxg5 30. Nxc5 Rxc5 31. Rxd7+ Kf8 32. Rh7 Re8 33.
Rxh5 Rxe5 34. Rd7 Re7 35. Rd8+ Kg7 36. Rxg5+ Kf6 37. h4 Re2 38. Rf8+ Ke5 39.
Rb8 Ke4 40. c5 Rc7 41. Rb6 e5 42. Rb4+ Kf3 43. Rxf5+ Kxg3 44. Rg5+ Kf3 45. Rc4
e4 46. c6 Rd2 47. Rf5+ Ke3 48. Re5 Rd4 49. Rc1 Kf4 50. Re8 Rd6 51. Rf1+ Ke3 52.
Re1+ Kd2 53. R1xe4 Rcxc6 54. Re2+ Kd3 55. R8e3+ Kd4 56. Rb3 Rh6 57. Rb4+ Kd5
58. Re7 Rcf6 59. Ra7 Kc5 60. Ka2 Re6 61. Kb3 Re3+ 62. Ka4 Ree6 63. Rc7+ Kd5 64.
Rbc4 Rb6 65. b4 Rhd6 66. h5 Rh6 67. Rg4 Ke5 68. Rg5+ Kd4 69. Rg4+ Kd3 70. Rc5
Rbd6 71. Rh4 Rb6 72. Rg5 1-0

[Event "HZ Chess Tournament 2024"]
[Site "Vlissingen, Netherlands"]
[Date "2024.08.04"]
[Round "3.13"]
[White "Hng, Mei-En Emmanuelle"]
[Black "De Boer, Eelke"]
[Result "0-1"]
[WhiteElo "2145"]
[BlackElo "2270"]
[PlyCount "68"]

1. Nf3 d5 2. c4 e6 3. d4 Nf6 4. Bg5 dxc4 5. e3 b5 6. a4 c6 7. Nc3 Bb4 8. Be2
Nbd7 9. O-O Qb6 10. Qc2 h6 11. Bh4 Bb7 12. b3 g5 13. Bg3 cxb3 14. Qxb3 Bxc3 15.
Qxc3 Ne4 16. Qd3 Nxg3 17. fxg3 a6 18. Qa3 Qd8 19. h4 Qc7 20. Ne5 Nxe5 21. dxe5
Qxe5 22. Rxf7 Kxf7 23. Rd1 Rh7 24. Bh5+ Kg8 25. Bg6 Rg7 26. h5 c5 27. Qd3 Rf8
28. axb5 axb5 29. Kh2 c4 30. Qb1 Bc6 31. e4 Rxg6 32. hxg6 Qxe4 33. Qa2 Qxg6 34.
Re1 Bd5 0-1

[Event "HZ Chess Tournament 2024"]
[Site "Vlissingen, Netherlands"]
[Date "2024.08.04"]
[Round "3.14"]
[White "Decker, Nils"]
[Black "Setyaki, Azarya Jodi"]
[Result "0-1"]
[WhiteElo "2134"]
[BlackElo "2370"]
[PlyCount "124"]

1. e4 e5 2. Nf3 Nc6 3. Nc3 Nf6 4. Bb5 Bd6 5. d4 Nxd4 6. Nxd4 exd4 7. Qxd4 Qe7
8. O-O c6 9. Be2 h6 10. Bf3 O-O 11. b3 Be5 12. Qd3 b5 13. Bb2 a5 14. Rfe1 d6
15. g3 Nd7 16. Bg2 Nc5 17. Qd2 Rd8 18. f4 Bf6 19. Qf2 Bb7 20. Nd1 Bxb2 21. Nxb2
a4 22. Qe3 Ra6 23. Nd3 Nd7 24. e5 Re8 25. Qf2 d5 26. Bh3 Bc8 27. e6 Nf6 28. Nc5
Ra8 29. b4 fxe6 30. a3 e5 31. Bxc8 Raxc8 32. fxe5 Ng4 33. Qf5 Nxe5 34. Nd3 Qa7+
35. Nc5 Nc4 36. Kh1 Qf7 37. Qxf7+ Kxf7 38. Rf1+ Kg6 39. Nd3 Re7 40. Rf3 Rce8
41. Nf4+ Kh7 42. Nh5 Re1+ 43. Rxe1 Rxe1+ 44. Kg2 Re2+ 45. Kh3 Kg8 46. Nf4 Re3
47. Rf2 Nxa3 48. Kg4 Nc4 49. Kh5 Re5+ 50. Kg4 a3 51. c3 Ne3+ 52. Kf3 Nd1 53.
Ra2 Re3+ 54. Kg4 Rxc3 55. Ng6 Ne3+ 56. Kh5 Nc2 57. h4 Kf7 58. Nf4 d4 59. Ne2
Nxb4 60. Ra1 Rc5+ 61. Kg4 Nc2 62. Rf1+ Ke7 0-1

[Event "HZ Chess Tournament 2024"]
[Site "Vlissingen, Netherlands"]
[Date "2024.08.04"]
[Round "3.15"]
[White "Tarigan, Gilbert Elroy"]
[Black "Van der Werf, Joel"]
[Result "1-0"]
[WhiteElo "2359"]
[BlackElo "1993"]
[PlyCount "85"]

1. d4 Nf6 2. Nf3 e6 3. c4 d5 4. g3 Bb4+ 5. Bd2 a5 6. Qc1 O-O 7. Bg2 Be7 8. O-O
c6 9. Rd1 Nbd7 10. b3 Ne4 11. Nc3 Nxc3 12. Bxc3 Qe8 13. Bb2 Bd6 14. Ba3 Qe7 15.
Bxd6 Qxd6 16. Qc2 f5 17. Rac1 Nf6 18. Ne5 Bd7 19. Qb2 Rfc8 20. a3 b5 21. Nd3
bxc4 22. bxc4 Rcb8 23. Qc3 Be8 24. Rb1 Rxb1 25. Rxb1 h6 26. Nc5 Nd7 27. Nb7 Qb8
28. Rb2 a4 29. Nc5 Qd6 30. Nxd7 Qxd7 31. c5 Qd8 32. Rb6 Qg5 33. e3 Qg4 34. f3
Qg5 35. Kf2 Qf6 36. Qb2 Kh7 37. Rb8 Rxb8 38. Qxb8 Bd7 39. Bf1 h5 40. h4 g5 41.
Qc7 gxh4 42. Qxd7+ Kg6 43. Qe8+ 1-0

[Event "HZ Chess Tournament 2024"]
[Site "Vlissingen, Netherlands"]
[Date "2024.08.04"]
[Round "3.16"]
[White "Hoffman, Ron"]
[Black "Karsay, Pascal"]
[Result "0-1"]
[WhiteElo "1997"]
[BlackElo "2357"]
[PlyCount "80"]

1. d4 Nf6 2. Bf4 d5 3. e3 c5 4. Nf3 Nc6 5. Nbd2 e6 6. c3 Nh5 7. Bg5 f6 8. Bh4
g6 9. Be2 cxd4 10. exd4 Nf4 11. O-O Nxe2+ 12. Qxe2 Bg7 13. Ne5 Ne7 14. Qb5+ Kf8
15. Nef3 g5 16. Bg3 h5 17. Qc5 Kf7 18. Bc7 Qd7 19. c4 b6 20. Qd6 Qxd6 21. Bxd6
Nf5 22. Ba3 g4 23. Ne1 Nxd4 24. f4 Ba6 25. cxd5 Bxf1 26. dxe6+ Nxe6 27. Kxf1
Nxf4 28. Ne4 Kg6 29. g3 Ne6 30. Ng2 Bf8 31. Nh4+ Kf7 32. Rd1 Rd8 33. Re1 Bxa3
34. bxa3 Nd4 35. Rc1 Rhe8 36. Rc7+ Re7 37. Rxe7+ Kxe7 38. Ng6+ Kf7 39. Nf4 f5
40. Nf2 Ne6 0-1

[Event "HZ Chess Tournament 2024"]
[Site "Vlissingen, Netherlands"]
[Date "2024.08.04"]
[Round "3.17"]
[White "Sorbe, Stephane"]
[Black "Margarido, Jose Miguel Tei"]
[Result "1-0"]
[WhiteElo "2343"]
[BlackElo "2112"]
[PlyCount "47"]

1. e4 g6 2. d4 Bg7 3. Nf3 d6 4. c3 Nf6 5. Bd3 O-O 6. O-O Nc6 7. h3 e5 8. Re1 h6
9. a4 exd4 10. cxd4 a5 11. Nc3 Nb4 12. Bb1 Re8 13. Ra3 c6 14. Bd2 Nd7 15. Qc1
Kh7 16. Ne2 d5 17. e5 c5 18. Nf4 Nb6 19. Nh5 Nc4 20. Nxg7 Kxg7 21. Bxh6+ Kh7
22. Bg5 Qb6 23. Bf6 Nxa3 24. Qg5 1-0

[Event "HZ Chess Tournament 2024"]
[Site "Vlissingen, Netherlands"]
[Date "2024.08.04"]
[Round "3.18"]
[White "Leenhouts, Koen"]
[Black "Kamphuis, Jasper"]
[Result "1-0"]
[WhiteElo "2454"]
[BlackElo "2059"]
[PlyCount "61"]

1. d4 Nf6 2. c4 g6 3. Nc3 Bg7 4. e4 d6 5. f3 O-O 6. Bg5 c6 7. Qd2 e5 8. d5 Qa5
9. O-O-O Nbd7 10. Kb1 Nc5 11. Nge2 Qb6 12. h4 h5 13. Be3 cxd5 14. cxd5 Bd7 15.
Nc1 a5 16. Nd3 Rfc8 17. Nxc5 dxc5 18. Bc4 Qb4 19. Qe2 a4 20. a3 Qa5 21. d6 Rab8
22. Nb5 Kh7 23. Bd2 Qb6 24. Bg5 Ne8 25. Be7 Bh6 26. g4 hxg4 27. h5 Bf4 28. Bxf7
g5 29. Qc4 Ng7 30. h6 Rh8 31. Bg8+ 1-0

[Event "HZ Chess Tournament 2024"]
[Site "Vlissingen, Netherlands"]
[Date "2024.08.04"]
[Round "3.19"]
[White "Van Delft, Merijn"]
[Black "Kalisvaart, Peter"]
[Result "1/2-1/2"]
[WhiteElo "2376"]
[BlackElo "2055"]
[PlyCount "75"]

1. e4 e5 2. Nf3 Nc6 3. Bb5 Bc5 4. c3 Nf6 5. d4 exd4 6. e5 Ne4 7. cxd4 Bb4+ 8.
Nbd2 d5 9. O-O O-O 10. Qc2 Bxd2 11. Bxd2 Bg4 12. Be3 f5 13. Bxc6 bxc6 14. Nd2
Nxd2 15. Qxd2 c5 16. dxc5 c6 17. f3 Bh5 18. Rae1 Re8 19. Qd4 Bf7 20. Re2 Be6
21. h3 Qd7 22. b4 a5 23. bxa5 Rxa5 24. a4 Rea8 25. Ra1 Qa7 26. Rea2 h6 27. Kh2
Kh7 28. Ra3 Kh8 29. Qd2 Kh7 30. Bd4 Qc7 31. Qe3 Qe7 32. Qf2 Kg8 33. Qe1 Qg5 34.
g3 f4 35. R1a2 fxg3+ 36. Qxg3 Qxg3+ 37. Kxg3 Rb8 38. Rb2 1/2-1/2

[Event "HZ Chess Tournament 2024"]
[Site "Vlissingen, Netherlands"]
[Date "2024.08.04"]
[Round "3.20"]
[White "Stillger, Bernhard"]
[Black "Herzel, Dieter"]
[Result "1-0"]
[WhiteElo "2263"]
[BlackElo "2052"]
[PlyCount "75"]

1. d4 f5 2. Nc3 d5 3. Bf4 c6 4. e3 Nf6 5. Nf3 e6 6. Bd3 Bd6 7. Ne2 O-O 8. O-O
Qe7 9. c4 Ne4 10. Qc2 Bd7 11. Bxd6 Nxd6 12. Ne5 Be8 13. c5 Nf7 14. f4 Nd7 15.
b4 Nh6 16. Qd2 Bh5 17. Ng3 Nxe5 18. dxe5 Qh4 19. Qe1 Kh8 20. Rb1 b5 21. a4 a6
22. Ra1 g6 23. Nxh5 Qxe1 24. Rfxe1 gxh5 25. Ra3 d4 26. Be2 Ng4 27. exd4 Rad8
28. h3 Rxd4 29. hxg4 fxg4 30. axb5 axb5 31. g3 Rxb4 32. Kf2 h4 33. Rh1 hxg3+
34. Kxg3 Rf7 35. Bxg4 Rfxf4 36. Bxe6 Rfe4 37. Ra8+ Kg7 38. Rg8# 1-0

[Event "HZ Chess Tournament 2024"]
[Site "Vlissingen, Netherlands"]
[Date "2024.08.04"]
[Round "3.21"]
[White "Van den Berg, Jeroen"]
[Black "Grochal, Joey"]
[Result "1/2-1/2"]
[WhiteElo "2028"]
[BlackElo "2251"]
[PlyCount "84"]

1. e4 c5 2. Nf3 Nc6 3. Bb5 e5 4. O-O Bd6 5. c3 a6 6. Bxc6 dxc6 7. d4 exd4 8.
cxd4 Bg4 9. d5 Ne7 10. Nc3 O-O 11. h3 Bxf3 12. Qxf3 Qc7 13. dxc6 Qxc6 14. Bg5
f6 15. Bf4 Rad8 16. Rad1 Bxf4 17. Qxf4 Rd4 18. Rc1 Rfd8 19. Rc2 b5 20. f3 c4
21. Rfc1 Qc5 22. Kh2 Rd3 23. b3 cxb3 24. axb3 Qe5 25. Qxe5 fxe5 26. b4 Kf7 27.
Ne2 R8d7 28. Ra2 Rd2 29. Rcc2 Rxc2 30. Rxc2 Ra7 31. Rc5 Ke6 32. f4 exf4 33.
Nxf4+ Kd7 34. Nh5 Rc7 35. Rg5 g6 36. Nf6+ Ke6 37. Nxh7 Rc4 38. Nf8+ Kf6 39. Rg4
Kf7 40. Rf4+ Ke8 41. Ne6 Rxb4 42. Nc7+ Kd7 1/2-1/2

[Event "HZ Chess Tournament 2024"]
[Site "Vlissingen, Netherlands"]
[Date "2024.08.04"]
[Round "3.22"]
[White "Gosman, Theo"]
[Black "Bezemer, Arno"]
[Result "0-1"]
[WhiteElo "2003"]
[BlackElo "2225"]
[PlyCount "60"]

1. d4 Nf6 2. Nc3 d5 3. e4 Nxe4 4. Nxe4 dxe4 5. Be3 Bf5 6. g4 Bg6 7. Ne2 Nd7 8.
Nf4 e5 9. Nxg6 hxg6 10. c3 Bd6 11. Qb3 exd4 12. Bxd4 O-O 13. O-O-O Qg5+ 14. Kb1
Qxg4 15. h4 Nc5 16. Qc2 Ne6 17. Be3 Rfe8 18. Bb5 Re7 19. h5 g5 20. h6 g6 21.
h7+ Kg7 22. Be2 Qf5 23. Rdg1 Bf4 24. Bg4 Qe5 25. Bxe6 Qxe6 26. Bd4+ f6 27. f3
Rh8 28. Re1 e3 29. Qe2 Rxh7 30. Rxh7+ Kxh7 0-1

[Event "HZ Chess Tournament 2024"]
[Site "Vlissingen, Netherlands"]
[Date "2024.08.04"]
[Round "3.23"]
[White "Verweij, David"]
[Black "Duijker, Rick"]
[Result "1-0"]
[WhiteElo "2001"]
[BlackElo "2186"]
[PlyCount "70"]

1. Nf3 Nf6 2. g3 c5 3. Bg2 Nc6 4. O-O d6 5. d3 g6 6. e4 Bg7 7. Nbd2 O-O 8. c3
Rb8 9. a4 a6 10. Re1 Nd7 11. Nf1 b5 12. axb5 axb5 13. d4 b4 14. Bf4 e5 15. Bg5
Qc7 16. d5 Nd8 17. Bd2 f5 18. Ne3 f4 19. Nc4 Nb6 20. Na5 bxc3 21. Bxc3 Bd7 22.
Ra3 Nb7 23. Nd2 Ra8 24. Qb3 Bh6 25. Rea1 fxg3 26. hxg3 Nxa5 27. Rxa5 Rxa5 28.
Rxa5 Rb8 29. Qa2 Bg4 30. Nf1 Qf7 31. Nh2 Bd7 32. Ra7 Rf8 33. f3 Be3+ 34. Kh1
Bf2 35. Ng4 Nc8 1-0

[Event "HZ Chess Tournament 2024"]
[Site "Vlissingen, Netherlands"]
[Date "2024.08.04"]
[Round "3.24"]
[White "Boulahfa, Hicham"]
[Black "Hng, Mei-Xian Eunice"]
[Result "1/2-1/2"]
[WhiteElo "2183"]
[BlackElo "2019"]
[PlyCount "110"]

1. Nf3 Nf6 2. g3 e6 3. Bg2 Be7 4. O-O O-O 5. c4 c5 6. Nc3 d5 7. cxd5 exd5 8. d4
c4 9. Ne5 Be6 10. Re1 Nbd7 11. e4 Nxe4 12. Nxe4 dxe4 13. Bxe4 Nxe5 14. dxe5 Qc7
15. Qh5 g6 16. Qf3 Rab8 17. Bh6 Rfd8 18. h4 Qc8 19. Qe3 Qc5 20. Qxc5 Bxc5 21.
Bg5 Rd7 22. Re2 h5 23. Rc1 Bd4 24. Bf3 Bf5 25. Be4 Bg4 26. Rd2 Bxe5 27. Rxd7
Bxd7 28. Rxc4 Bxb2 29. Rc7 Be6 30. a4 Be5 31. Rxb7 Rxb7 32. Bxb7 Bd4 33. Kg2
Bb6 34. Bc6 Kf8 35. Bf6 Bc4 36. f3 Bd3 37. g4 hxg4 38. fxg4 Be2 39. Bf3 Bd3 40.
Kg3 Bc7+ 41. Kf2 Bc2 42. Bc6 Bd1 43. Bd7 Bd6 44. Ke3 Be7 45. Bd4 Bxh4 46. Bxa7
Ke7 47. Kd2 Kxd7 48. Kxd1 f5 49. gxf5 gxf5 50. Ke2 Kc6 51. Kf3 Bg5 52. Be3 Bxe3
53. Kxe3 Kb6 54. Kf4 Ka5 55. Kxf5 Kxa4 1/2-1/2

[Event "HZ Chess Tournament 2024"]
[Site "Vlissingen, Netherlands"]
[Date "2024.08.04"]
[Round "3.25"]
[White "Lind, Jacco"]
[Black "Perestjuk, Marko"]
[Result "1/2-1/2"]
[WhiteElo "1983"]
[BlackElo "2171"]
[PlyCount "81"]

1. e4 c5 2. Nf3 d6 3. d4 cxd4 4. Nxd4 Nf6 5. Nc3 g6 6. f3 a6 7. Be3 b5 8. a4 b4
9. Na2 e5 10. Nb3 d5 11. Bg5 Nbd7 12. Qxd5 Nxd5 13. Bxd8 Ne3 14. Kf2 Nxc2 15.
Rc1 Nd4 16. Nxd4 exd4 17. Ba5 Bh6 18. Rc7 Bf4 19. Rc4 Ne5 20. Rc5 b3 21. Nb4
Be6 22. Bd3 O-O 23. g3 Be3+ 24. Ke2 f6 25. Nd5 Bxd5 26. exd5 Rfe8 27. Rc7 Nf7
28. Kd1 Rec8 29. Bc4 Nd6 30. Bxb3 Rab8 31. Rxc8+ Rxc8 32. Bd2 Rb8 33. Bxe3 Rxb3
34. Bf4 Rxb2 35. Re1 Nc4 36. d6 Rb7 37. Kc2 Rd7 38. Rd1 Ne3+ 39. Bxe3 dxe3 40.
Re1 Rxd6 41. Rxe3 1/2-1/2

[Event "HZ Chess Tournament 2024"]
[Site "Vlissingen, Netherlands"]
[Date "2024.08.04"]
[Round "3.26"]
[White "Boeren, Jurriaan"]
[Black "Den Heijer, Rolinde"]
[Result "0-1"]
[WhiteElo "2159"]
[BlackElo "1981"]
[PlyCount "82"]

1. e4 c5 2. Nf3 d6 3. d4 cxd4 4. Nxd4 Nf6 5. Nc3 a6 6. h3 e5 7. Nf3 h6 8. Bc4
Be7 9. Be3 Qc7 10. Bb3 Be6 11. Nh4 O-O 12. Qf3 b5 13. Nf5 Bxf5 14. Qxf5 Nbd7
15. Qg6 Kh8 16. Bxf7 b4 17. Ne2 Rfc8 18. Ng3 Nf8 19. Qf5 Bd8 20. Bb3 a5 21. a4
bxa3 22. Rxa3 a4 23. Bxa4 Qc4 24. Bb3 Qb5 25. c4 Qb7 26. Rxa8 Rxa8 27. Bd1 Qb4+
28. Bd2 Qxc4 29. Qf3 Ba5 30. Bxa5 Rxa5 31. Qc3 Qa6 32. Be2 Ra1+ 33. Kd2 Qa8 34.
Rxa1 Qxa1 35. Bd3 Kh7 36. Qc1 Qa7 37. Ke2 Ne6 38. Kf1 Nf4 39. Bc2 N6h5 40. Qe3
Nxg3+ 41. Qxg3 Qa1+ 0-1

[Event "HZ Chess Tournament 2024"]
[Site "Vlissingen, Netherlands"]
[Date "2024.08.04"]
[Round "3.27"]
[White "Haak, Eelco"]
[Black "Grooten, Tommy"]
[Result "1/2-1/2"]
[WhiteElo "1974"]
[BlackElo "2146"]
[PlyCount "65"]

1. d4 Nf6 2. Nf3 c5 3. c3 b6 4. g3 Bb7 5. Bg2 e6 6. O-O d5 7. Bf4 Bd6 8. Ne5
O-O 9. c4 Nc6 10. cxd5 exd5 11. Nxc6 Bxc6 12. Bxd6 Qxd6 13. Nc3 Rad8 14. e3
Rfe8 15. Rc1 c4 16. b3 b5 17. bxc4 dxc4 18. Bxc6 Qxc6 19. Rb1 Rb8 20. a3 a5 21.
Na2 Qd6 22. Qc1 Rec8 23. Qc3 Qa6 24. Rfc1 Qa8 25. Qe1 Ne4 26. h4 Nf6 27. Qe2
Qc6 28. Qe1 Qa6 29. Qe2 h6 30. Qe1 Nd5 31. Rb2 Re8 32. Nc3 Nf6 33. Rcb1 1/2-1/2